[Event "Titled Tuesday intern op 13th Feb Early"]
[Site "Chess.com INT"]
[Date "2024.02.13"]
[Round "7"]
[White "Kuderinov, Kirill"]
[Black "Ohanyan, Emin"]
[Result "0-1"]
[WhiteElo "2364"]
[BlackElo "2468"]
[PlyCount "94"]
[EventDate "2024.02.13"]
[EventType "swiss (blitz)"]
[EventRounds "11"]
[EventCountry "USA"]
[SourceTitle "CB08_2024"]
[SourceDate "2024.02.21"]
[SourceVersion "1"]
[SourceVersionDate "2024.02.21"]
[SourceQuality "1"]

1. e4 e5 2. d4 exd4 3. Qxd4 Nc6 4. Qe3 Nf6 5. Nc3 Bb4 6. Bd2 0-0 7. 0-0-0 Re8 8. Bc4 Na5 9. Bd3 d5 10. Qg5 h6 11. Qh4 d4 12. Nce2 Bxd2+ 13. Rxd2 c5 14. b3 c4 15. Bxc4 Nxc4 16. Rxd4 Nd6 17. Nf3 Rxe4 18. Rxe4 Ndxe4 19. Rd1 Qa5 20. Kb2 Bg4 21. Rd4 Bxf3 22. gxf3 Qe1 23. Rxe4 Nxe4 24. Qxe4 Rd8 25. Nc3 Qxf2 26. Qxb7 g6 27. h3 Rd2 28. Qc8+ Kg7 29. Ne4 Qd4+ 30. Ka3 Rd1 31. c3 Qe5 32. Qc4 Re1 33. b4 Rh1 34. Nc5 Rxh3 35. Kb3 Rxf3 36. a4 h5 37. Nd7 Qf4 38. Qd5 Qf5 39. Qd6 Qe6+ 40. Qxe6 fxe6 41. Nc5 h4 42. Nxe6+ Kh6 43. Nd4 Rf2 44. b5 h3 45. Nc6 h2 46. Ne5 Kh5 47. Nd3 Rf1 0-1

[Event "Astana Zhuldyzdary op-A"]
[Site "Astana"]
[Date "2023.07.13"]
[Round "4"]
[White "Kuziev, Miraziz"]
[Black "Kuderinov, Kirill"]
[Result "1-0"]
[WhiteElo "2049"]
[BlackElo "2386"]
[PlyCount "51"]
[EventDate "2023.07.11"]
[EventType "swiss"]
[EventRounds "10"]
[EventCountry "KAZ"]
[SourceTitle "CBM 215 Extra"]
[Source "ChessBase"]
[SourceDate "2023.09.30"]
[SourceVersion "1"]
[SourceVersionDate "2023.09.30"]
[SourceQuality "1"]

1. d4 Nf6 2. c4 e6 3. Nc3 Bb4 4. e3 Bxc3+ 5. bxc3 0-0 6. Bd3 d6 7. Ne2 e5 8. e4 Re8 9. f3 Nbd7 10. 0-0 Nf8 11. Qc2 Qe7 12. f4 exd4 13. e5 dxe5 14. fxe5 Qxe5 15. cxd4 Qh5 16. Nf4 Qh4 17. g3 Qg4 18. Bb2 Qg5 19. d5 Ng4 20. Qc3 Qh6 21. h3 Re3 22. hxg4 Rxg3+ 23. Ng2 Bxg4 24. Bxh7+ Nxh7 25. Qxg3 Ng5 26. Qxg4 1-0

[Event "Astana Zhuldyzdary op-A"]
[Site "Astana"]
[Date "2023.07.12"]
[Round "2"]
[White "Alekseev, Evgeny V"]
[Black "Kuderinov, Kirill"]
[Result "1/2-1/2"]
[WhiteElo "2563"]
[BlackElo "2386"]
[PlyCount "69"]
[EventDate "2023.07.11"]
[EventType "swiss"]
[EventRounds "10"]
[EventCountry "KAZ"]
[SourceTitle "CBM 215 Extra"]
[Source "ChessBase"]
[SourceDate "2023.09.30"]
[SourceVersion "1"]
[SourceVersionDate "2023.09.30"]
[SourceQuality "1"]

1. e4 a6 2. d4 e6 3. Bd3 c5 4. Nf3 cxd4 5. Nxd4 Nf6 6. 0-0 d6 7. c4 Be7 8. Nc3 0-0 9. Qe2 e5 10. Nf3 Bg4 11. h3 Bh5 12. g4 Bg6 13. Be3 Nc6 14. Rad1 Nd7 15. Bb1 Qb8 16. Nd5 Bd8 17. h4 h6 18. h5 Bh7 19. g5 Nc5 20. gxh6 Qc8 21. Nh2 Nd4 22. Bxd4 exd4 23. hxg7 Re8 24. Qf3 Qe6 25. Rxd4 Kxg7 26. Ng4 Nd7 27. Rfd1 Ne5 28. Nxe5 dxe5 29. R4d2 Kh8 30. Kh2 Rc8 31. Bd3 Qh6 32. Rc2 Rg8 33. Rg1 Bg5 34. Rg3 Rg7 35. Bf1 1/2-1/2

[Event "Titled Tuesday intern op 07th Feb Early"]
[Site "Chess.com INT"]
[Date "2023.02.07"]
[Round "10"]
[White "Jaskolka, Tomasz"]
[Black "Kuderinov, Kirill"]
[Result "1-0"]
[WhiteElo "2238"]
[BlackElo "2404"]
[PlyCount "81"]
[EventDate "2023.02.07"]
[EventType "swiss (blitz)"]
[EventRounds "11"]
[EventCountry "USA"]
[SourceTitle "EXT 2024"]
[Source "ChessBase"]
[SourceDate "2023.10.10"]
[SourceVersion "1"]
[SourceVersionDate "2023.10.10"]
[SourceQuality "1"]

1. e4 c5 2. Nf3 Nc6 3. a3 g6 4. b4 Bg7 5. c3 cxb4 6. axb4 Nxb4 7. d4 Nc6 8. Bc4 Nf6 9. e5 Ne4 10. Nbd2 d5 11. Nxe4 dxc4 12. Qa4 Be6 13. Nc5 Bd5 14. Nxb7 Qc7 15. Na5 0-0 16. Nxc6 Bxc6 17. Qxc4 Qd7 18. Qd3 Qe6 19. 0-0 Rfd8 20. Ba3 h6 21. Bc5 a5 22. Rfe1 a4 23. Nd2 Qd5 24. Qg3 Qd7 25. e6 Qe8 26. exf7+ Qxf7 27. Rxe7 Qf5 28. Qc7 Qf6 29. Rxg7+ Qxg7 30. Qxc6 Rac8 31. Qb5 Qf7 32. h3 Qf4 33. Nf3 Qf5 34. Qc4+ Kh8 35. Rxa4 Qb1+ 36. Kh2 Qf5 37. Ra7 Qf4+ 38. Kg1 Rxc5 39. Qxc5 Qc1+ 40. Kh2 Qf4+ 41. g3 1-0

[Event "Titled Tuesday intern op 07th Feb Early"]
[Site "Chess.com INT"]
[Date "2023.02.07"]
[Round "4"]
[White "Juknis, Paulius"]
[Black "Kuderinov, Kirill"]
[Result "0-1"]
[WhiteElo "2114"]
[BlackElo "2404"]
[PlyCount "76"]
[EventDate "2023.02.07"]
[EventType "swiss (blitz)"]
[EventRounds "11"]
[EventCountry "USA"]
[SourceTitle "EXT 2024"]
[Source "ChessBase"]
[SourceDate "2023.10.10"]
[SourceVersion "1"]
[SourceVersionDate "2023.10.10"]
[SourceQuality "1"]

1. e4 c5 2. Nc3 Nc6 3. Bb5 g6 4. Bxc6 dxc6 5. d3 Bg7 6. f4 Nf6 7. Nf3 0-0 8. 0-0 Nd7 9. Kh1 Re8 10. Be3 b6 11. Qe1 Nf8 12. Qh4 f6 13. e5 Ne6 14. f5 gxf5 15. Bh6 fxe5 16. Bxg7 Nxg7 17. Nxe5 e6 18. Qh6 Rf8 19. Rae1 Qf6 20. Qxf6 Rxf6 21. Nxc6 Bb7 22. Ne5 Rd8 23. Kg1 Rff8 24. Re2 a6 25. a4 Rd4 26. Rfe1 f4 27. Nf3 Bxf3 28. gxf3 Rf6 29. Kf2 Rh6 30. Rh1 Nf5 31. Rg1+ Kf7 32. Kg2 Ne3+ 33. Kh1 Rh3 34. Nd1 Nf5 35. Rf2 Ng3+ 36. Kg2 Rh5 37. hxg3 fxg3 38. Re2 Rxa4 0-1

[Event "Titled Tuesday intern op 13th Dec Early"]
[Site "Chess.com INT"]
[Date "2022.12.13"]
[Round "5"]
[White "Hirneise, Jens"]
[Black "Kuderinov, Kirill"]
[Result "1-0"]
[WhiteElo "2266"]
[BlackElo "2404"]
[PlyCount "121"]
[EventDate "2022.12.13"]
[EventType "swiss (blitz)"]
[EventRounds "11"]
[EventCountry "USA"]
[SourceTitle "EXT 2024"]
[Source "ChessBase"]
[SourceDate "2023.10.10"]
[SourceVersion "1"]
[SourceVersionDate "2023.10.10"]
[SourceQuality "1"]

1. Nf3 Nf6 2. d4 e6 3. c4 Bb4+ 4. Nbd2 0-0 5. e3 d5 6. Qc2 b6 7. a3 Be7 8. Bd3 Bb7 9. 0-0 Nbd7 10. b3 c5 11. Bb2 Rc8 12. Rac1 Bd6 13. Qb1 Qe7 14. dxc5 Nxc5 15. Bxf6 gxf6 16. b4 Nxd3 17. Qxd3 dxc4 18. Rxc4 Rxc4 19. Qxc4 Rc8 20. Qh4 f5 21. Qh6 f6 22. Rd1 Kh8 23. Nf1 Bb8 24. Ng3 Rg8 25. Nh4 Qf7 26. Nh5 Be5 27. f4 Bb2 28. Rd2 Bc3 29. Rd3 Ba1 30. Rd1 Bc3 31. Rd3 Bxg2 32. Nxg2 Qb7 33. Ng3 Bb2 34. Rd2 Ba1 35. Rd1 Bc3 36. Qh5 Qc7 37. Qe2 e5 38. Rc1 exf4 39. Nxf4 Rc8 40. Qd3 Qe5 41. Ngh5 Rg8+ 42. Ng3 Bb2 43. Qc2 Bxc1 44. Qxc1 Rd8 45. Qe1 Re8 46. Qf2 Rd8 47. Nge2 Qa1+ 48. Kg2 Qe5 49. Qf3 Rg8+ 50. Ng3 Qb2+ 51. Kh3 Qe5 52. Nfh5 Rg5 53. Nf4 Rg8 54. Qc6 Re8 55. Qd7 Qe7 56. Qxf5 Rf8 57. Nfh5 Qxe3 58. Nxf6 Qh6+ 59. Ngh5 Qg6 60. Qe5 Qd3+ 61. Kh4 1-0

[Event "Titled Tuesday intern op 13th Dec Early"]
[Site "Chess.com INT"]
[Date "2022.12.13"]
[Round "6"]
[White "Kuderinov, Kirill"]
[Black "Le Ruyet, Leopold"]
[Result "1-0"]
[WhiteElo "2404"]
[BlackElo "2245"]
[PlyCount "107"]
[EventDate "2022.12.13"]
[EventType "swiss (blitz)"]
[EventRounds "11"]
[EventCountry "USA"]
[SourceTitle "EXT 2024"]
[Source "ChessBase"]
[SourceDate "2023.10.10"]
[SourceVersion "1"]
[SourceVersionDate "2023.10.10"]
[SourceQuality "1"]

1. e4 d6 2. d4 Nf6 3. Bd3 e5 4. c3 d5 5. dxe5 Nxe4 6. Bxe4 dxe4 7. Qa4+ Bd7 8. Qb3 Na6 9. Be3 Nc5 10. Bxc5 Bxc5 11. Ne2 e3 12. fxe3 Qh4+ 13. Ng3 0-0-0 14. 0-0 Bxe3+ 15. Kh1 Bc6 16. Qb4 Qg5 17. Na3 Rd2 18. Rg1 Bxg1 19. Rxg1 h5 20. Ne4 Bxe4 21. Qxe4 h4 22. Nc4 Rd7 23. Na5 c5 24. Nc4 Qg6 25. Qe3 Qc6 26. h3 Re8 27. Qf4 f6 28. Nd6+ Rxd6 29. exd6 Rd8 30. Rd1 b6 31. Qxh4 Rxd6 32. Qh8+ Kb7 33. Qxg7+ Ka6 34. Rf1 Rd2 35. h4 Qe4 36. Qg3 f5 37. Kh2 Qc2 38. b4 Rd3 39. Qg8 Rxc3 40. Qc8+ Kb5 41. a4+ Kxb4 42. Rf4+ Ka3 43. Qc7 Rc4 44. Rf3+ Kb2 45. Qxa7 Rxh4+ 46. Kg1 Qd1+ 47. Kf2 Qd2+ 48. Kg1 Qe1+ 49. Rf1 Qe3+ 50. Rf2+ Ka1 51. Qg7+ Rd4 52. Qf6 Kb1 53. Qxf5+ Kc1 54. g4 1-0

[Event "Titled Tuesday intern op 13th Dec Early"]
[Site "Chess.com INT"]
[Date "2022.12.13"]
[Round "1"]
[White "Kuderinov, Kirill"]
[Black "Todorovic, Bojan"]
[Result "0-1"]
[WhiteElo "2404"]
[BlackElo "2249"]
[PlyCount "54"]
[EventDate "2022.12.13"]
[EventType "swiss (blitz)"]
[EventRounds "11"]
[EventCountry "USA"]
[SourceTitle "EXT 2024"]
[Source "ChessBase"]
[SourceDate "2023.10.10"]
[SourceVersion "1"]
[SourceVersionDate "2023.10.10"]
[SourceQuality "1"]

1. e4 g6 2. d4 Bg7 3. Nf3 d6 4. Nc3 a6 5. Be2 Nd7 6. 0-0 b5 7. a4 b4 8. Nd5 Bb7 9. Bd3 c5 10. c3 e6 11. Nf4 Ngf6 12. Re1 0-0 13. h3 cxd4 14. cxd4 e5 15. Ne2 Nxe4 16. Bxe4 Bxe4 17. Ng3 Bxf3 18. Qxf3 exd4 19. Qd5 Nb6 20. Qb3 a5 21. Ne4 d5 22. Bg5 Qd7 23. Nf6+ Bxf6 24. Bxf6 Rfe8 25. Bxd4 Nc4 26. Qd3 Qf5 27. Qd2 Nxd2 0-1

[Event "Titled Tuesday intern op 25th Oct Early"]
[Site "Chess.com INT"]
[Date "2022.10.25"]
[Round "7"]
[White "Eljanov, Pavel"]
[Black "Kuderinov, Kirill"]
[Result "1-0"]
[WhiteElo "2697"]
[BlackElo "2404"]
[PlyCount "129"]
[EventDate "2022.10.25"]
[EventType "swiss (blitz)"]
[EventRounds "11"]
[EventCountry "USA"]
[SourceTitle "EXT 2024"]
[Source "ChessBase"]
[SourceDate "2023.10.10"]
[SourceVersion "1"]
[SourceVersionDate "2023.10.10"]
[SourceQuality "1"]

1. e4 c5 2. Nf3 Nc6 3. Bb5 g6 4. Bxc6 dxc6 5. d3 Bg7 6. h3 Nf6 7. Nc3 0-0 8. Bf4 Nd7 9. e5 Re8 10. h4 Nb6 11. Qd2 Nd5 12. Bh6 Nxc3 13. Bxg7 Kxg7 14. Qxc3 Qd5 15. Ng5 Qd4 16. h5 Qxc3+ 17. bxc3 h6 18. Ne4 b6 19. hxg6 fxg6 20. c4 Rf8 21. Ng3 Be6 22. a4 h5 23. f3 Rab8 24. Kd2 Rf4 25. Kc3 Rh8 26. Ne4 Rf5 27. a5 Rxe5 28. axb6 axb6 29. Ra7 Bf5 30. Rb1 Bxe4 31. fxe4 Rb8 32. Ra6 Rg5 33. Ra7 Rxg2 34. Rxe7+ Kh6 35. Rh1 Rf2 36. Re6 Rc8 37. Rg1 Rg8 38. Rxc6 h4 39. Rh1 Kh5 40. Rxb6 g5 41. Rc6 Rf3 42. Rxc5 h3 43. Rc7 g4 44. c5 Rh8 45. c6 Kh4 46. Rg7 Rf6 47. c7 Rc6+ 48. Kb4 Rxc2 49. d4 g3 50. d5 g2 51. Rxg2 Rxg2 52. d6 Rd2 53. e5 Kg3 54. Kc5 Kg2 55. Re1 h2 56. e6 Rc2+ 57. Kd5 Rd2+ 58. Kc6 h1Q 59. Rxh1 Rxh1 60. e7 Rc1+ 61. Kd7 Rcd1 62. e8Q Rxd6+ 63. Kc8 R6d5 64. Qe2+ Kg3 65. Kb7 1-0

[Event "Titled Tuesday intern op 25th Oct Early"]
[Site "Chess.com INT"]
[Date "2022.10.25"]
[Round "3"]
[White "Martin Carmona, Gaston Manuel"]
[Black "Kuderinov, Kirill"]
[Result "0-1"]
[WhiteElo "2335"]
[BlackElo "2404"]
[PlyCount "110"]
[EventDate "2022.10.25"]
[EventType "swiss (blitz)"]
[EventRounds "11"]
[EventCountry "USA"]
[SourceTitle "EXT 2024"]
[Source "ChessBase"]
[SourceDate "2023.10.10"]
[SourceVersion "1"]
[SourceVersionDate "2023.10.10"]
[SourceQuality "1"]

1. d4 Nf6 2. Nc3 e6 3. e4 d5 4. e5 Nfd7 5. f4 c5 6. Nf3 Nc6 7. Be3 a6 8. Qd2 b5 9. dxc5 Bxc5 10. Bd3 Qb6 11. Bf2 Bxf2+ 12. Qxf2 Qxf2+ 13. Kxf2 Bb7 14. Ne2 Ke7 15. Ned4 Nxd4 16. Nxd4 g5 17. g3 h5 18. Rae1 Rhg8 19. f5 Rac8 20. f6+ Kd8 21. h4 g4 22. Re3 Kc7 23. Ke2 Kb6 24. Kd2 Nb8 25. Ra1 Nc6 26. c3 Na5 27. b3 Nc6 28. b4 Nxd4 29. cxd4 a5 30. bxa5+ Kxa5 31. Be2 Ba6 32. Ra3+ Kb6 33. Rb3 Ka5 34. Rab1 Rc4 35. Bxc4 dxc4 36. Re3 b4 37. a3 b3 38. Kc3 Rd8 39. Ree1 Rc8 40. Red1 Bb7 41. Rbc1 Bd5 42. Kb2 Kb5 43. Rc3 Ra8 44. Ra1 Ra4 45. Rf1 Kc6 46. Rfc1 Kb5 47. Re1 Ra7 48. a4+ Kb4 49. Ra1 Ra5 50. Ra3 Be4 51. Ra1 Bd5 52. Rac1 Rxa4 53. Kb1 Ra2 54. Re3 Rd2 55. Rec3 Be4+ 0-1

[Event "Titled Tuesday intern op 18th Oct Early"]
[Site "Chess.com INT"]
[Date "2022.10.18"]
[Round "9"]
[White "Begunov, Konstantin"]
[Black "Kuderinov, Kirill"]
[Result "0-1"]
[WhiteElo "2325"]
[BlackElo "2404"]
[PlyCount "54"]
[EventDate "2022.10.18"]
[EventType "swiss (blitz)"]
[EventRounds "11"]
[EventCountry "USA"]
[SourceTitle "EXT 2024"]
[Source "ChessBase"]
[SourceDate "2023.10.10"]
[SourceVersion "1"]
[SourceVersionDate "2023.10.10"]
[SourceQuality "1"]

1. d4 Nf6 2. c4 e6 3. Nf3 Bb4+ 4. Nbd2 0-0 5. a3 Be7 6. e4 d5 7. cxd5 exd5 8. e5 Ne8 9. Bd3 c5 10. 0-0 Nc6 11. Re1 cxd4 12. b4 Bg4 13. Qc2 h6 14. Bb2 Rc8 15. Qb3 Nc7 16. Nxd4 Nxd4 17. Bxd4 Ne6 18. Bb2 Bg5 19. Nf1 Nf4 20. Bb1 d4 21. f3 Be6 22. Qd1 d3 23. Ng3 Qb6+ 24. Kh1 Qf2 25. Rg1 Qxb2 26. Bxd3 Rfd8 27. Rb1 Qxa3 0-1

[Event "Titled Tuesday intern op 18th Oct Early"]
[Site "Chess.com INT"]
[Date "2022.10.18"]
[Round "11"]
[White "Csonka, Balazs"]
[Black "Kuderinov, Kirill"]
[Result "0-1"]
[WhiteElo "2495"]
[BlackElo "2404"]
[PlyCount "126"]
[EventDate "2022.10.18"]
[EventType "swiss (blitz)"]
[EventRounds "11"]
[EventCountry "USA"]
[SourceTitle "EXT 2024"]
[Source "ChessBase"]
[SourceDate "2023.10.10"]
[SourceVersion "1"]
[SourceVersionDate "2023.10.10"]
[SourceQuality "1"]

1. d4 Nf6 2. c4 e6 3. g3 Bb4+ 4. Nd2 0-0 5. Bg2 d6 6. Ngf3 Qe7 7. 0-0 Bxd2 8. Qxd2 e5 9. b3 Nc6 10. Ba3 e4 11. Ne1 Bf5 12. Nc2 Rfe8 13. Ne3 Bg6 14. Rac1 Qd8 15. Rfd1 a5 16. d5 Ne5 17. c5 a4 18. cxd6 cxd6 19. Qb4 axb3 20. Qxb3 Nfg4 21. Rd4 Nxe3 22. Qxe3 Ng4 23. Qc3 Qf6 24. Bb2 Qxf2+ 25. Kh1 Ne3 26. Bh3 f6 27. Qd2 Bh5 28. Rc3 Rxa2 29. Qxe3 Qe1+ 30. Qg1 Qxg1+ 31. Kxg1 Rxb2 32. Be6+ Kf8 33. Rxe4 Bf7 34. Rc7 Bxe6 35. dxe6 d5 36. Re3 Rb5 37. Rd7 Rb6 38. Kg2 Rbxe6 39. Rxe6 Rxe6 40. Rxd5 Rxe2+ 41. Kf3 Rxh2 42. Rb5 Kf7 43. Rxb7+ Kg6 44. Ra7 Rb2 45. Rc7 Rb3+ 46. Kg2 Kh6 47. Rf7 Rb4 48. Kf3 Rb6 49. Kg2 g5 50. Rf8 Kg6 51. Kh3 h5 52. Rg8+ Kh7 53. Rc8 Kg7 54. Rc5 Rb2 55. Rc7+ Kg6 56. g4 Rb3+ 57. Kg2 hxg4 58. Rc8 g3 59. Rc7 Kh5 60. Rc4 f5 61. Rc8 Kg4 62. Rc4+ f4 63. Rc3 Rxc3 0-1

[Event "Titled Tuesday intern op 18th Oct Early"]
[Site "Chess.com INT"]
[Date "2022.10.18"]
[Round "6"]
[White "Kuderinov, Kirill"]
[Black "Durarbayli, Vasif"]
[Result "0-1"]
[WhiteElo "2404"]
[BlackElo "2612"]
[PlyCount "90"]
[EventDate "2022.10.18"]
[EventType "swiss (blitz)"]
[EventRounds "11"]
[EventCountry "USA"]
[SourceTitle "EXT 2024"]
[Source "ChessBase"]
[SourceDate "2023.10.10"]
[SourceVersion "1"]
[SourceVersionDate "2023.10.10"]
[SourceQuality "1"]

1. e4 c5 2. Nf3 d6 3. Bb5+ Nd7 4. 0-0 a6 5. Bxd7+ Bxd7 6. Re1 e6 7. c3 Nf6 8. d4 cxd4 9. cxd4 d5 10. e5 Ne4 11. Nbd2 Nxd2 12. Bxd2 Be7 13. Rc1 0-0 14. h4 Rc8 15. h5 h6 16. Rxc8 Qxc8 17. Qb3 Bb5 18. Rc1 Qd7 19. Qc2 Ra8 20. Ba5 Bc6 21. Bb6 Qe8 22. Bc5 Bd8 23. Qe2 Rc8 24. Rc3 Bb5 25. Qe3 Ba5 26. Rc1 Qc6 27. b3 Qd7 28. a4 Bc6 29. g3 Bd8 30. Kg2 a5 31. Bd6 b5 32. axb5 Bxb5 33. Rxc8 Qxc8 34. g4 Qc2 35. Ne1 Qd1 36. Kg3 Bg5 37. f4 Bd8 38. Qc3 Qe2 39. Nf3 Kh7 40. Qc8 Bh4+ 41. Kxh4 Qxf3 42. Qc2+ Bd3 43. Qd2 Be2 44. Qc2+ g6 45. hxg6+ Kg7 0-1

[Event "Titled Tuesday intern op 18th Oct Early"]
[Site "Chess.com INT"]
[Date "2022.10.18"]
[Round "10"]
[White "Kuderinov, Kirill"]
[Black "Gabrielian, Artur"]
[Result "1-0"]
[WhiteElo "2404"]
[BlackElo "2460"]
[PlyCount "95"]
[EventDate "2022.10.18"]
[EventType "swiss (blitz)"]
[EventRounds "11"]
[EventCountry "USA"]
[SourceTitle "EXT 2024"]
[Source "ChessBase"]
[SourceDate "2023.10.10"]
[SourceVersion "1"]
[SourceVersionDate "2023.10.10"]
[SourceQuality "1"]

1. e4 c5 2. Nf3 d6 3. Bb5+ Nd7 4. 0-0 a6 5. Bxd7+ Bxd7 6. Re1 Nf6 7. c3 c4 8. d4 cxd3 9. Qxd3 g6 10. Bg5 Bg7 11. Nbd2 0-0 12. h3 h6 13. Be3 Bc6 14. a4 d5 15. e5 Ne4 16. Bd4 e6 17. a5 Rc8 18. Qe3 Kh7 19. Nxe4 dxe4 20. Nd2 Qd5 21. c4 Qd7 22. Bc3 Qd3 23. Nxe4 Bxe4 24. Qxe4 Qxc4 25. Qxb7 Rc5 26. Rad1 Rc7 27. Qe4 Qb5 28. Rd6 Rb8 29. Red1 Rc4 30. Qf3 Rb7 31. Rb6 Rxb6 32. axb6 Qxb6 33. Qxf7 Rc7 34. Qe8 Qc6 35. Qxc6 Rxc6 36. Rd6 Rc5 37. Rxe6 a5 38. f4 h5 39. Kf2 a4 40. Ra6 Rc4 41. Kf3 h4 42. Ra7 Kg8 43. Rb7 Bh6 44. Rb4 Rc6 45. Rxa4 Kf7 46. Ke4 Ke6 47. Rb4 Ra6 48. Bd4 1-0

[Event "Titled Tuesday intern op 18th Oct Early"]
[Site "Chess.com INT"]
[Date "2022.10.18"]
[Round "8"]
[White "Kuderinov, Kirill"]
[Black "Gracia Alvarez, Gerardo Antonio"]
[Result "1/2-1/2"]
[WhiteElo "2404"]
[BlackElo "2222"]
[PlyCount "124"]
[EventDate "2022.10.18"]
[EventType "swiss (blitz)"]
[EventRounds "11"]
[EventCountry "USA"]
[SourceTitle "EXT 2024"]
[Source "ChessBase"]
[SourceDate "2023.10.10"]
[SourceVersion "1"]
[SourceVersionDate "2023.10.10"]
[SourceQuality "1"]

1. e4 c5 2. Nf3 Nc6 3. Bb5 d6 4. 0-0 Bd7 5. Re1 Nf6 6. c3 a6 7. Bf1 Bg4 8. d4 cxd4 9. cxd4 e5 10. d5 Nd4 11. Be2 Nxf3+ 12. Bxf3 Bd7 13. Nc3 Be7 14. a4 b5 15. a5 0-0 16. Be3 Qb8 17. Na2 Rc8 18. b3 Bd8 19. Nb4 Qb7 20. h3 Rc3 21. Bd2 Rc5 22. Nd3 Rcc8 23. Bb4 Ne8 24. Qd2 Rc7 25. Rac1 Rac8 26. Kh2 h6 27. Qb2 Bg5 28. Rxc7 Qxc7 29. Re2 f5 30. g3 Kh8 31. h4 Bf6 32. Bg2 g6 33. Qb1 Bg7 34. f3 fxe4 35. fxe4 Nf6 36. Nf2 h5 37. Bh3 Bxh3 38. Kxh3 Qd7+ 39. Kg2 Bh6 40. Qd3 Rc1 41. Re1 Rxe1 42. Bxe1 Ng4 43. Nxg4 Qxg4 44. Bf2 g5 45. hxg5 Bxg5 46. Bb6 h4 47. Bf2 Bf4 48. Qc3 Bxg3 49. Bxg3 hxg3 50. Qe3 Kh7 51. Qa7+ Kg6 52. Qxa6 Qxe4+ 53. Kxg3 Qe3+ 54. Kg2 Qe2+ 55. Kg3 Qe3+ 56. Kg2 Qe2+ 57. Kh3 Qf3+ 58. Kh2 Qf2+ 59. Kh3 Qf3+ 60. Kh2 Qf2+ 61. Kh1 Qf1+ 62. Kh2 Qf2+ 1/2-1/2

[Event "Titled Tuesday intern op 18th Oct Early"]
[Site "Chess.com INT"]
[Date "2022.10.18"]
[Round "1"]
[White "Kuderinov, Kirill"]
[Black "Mika, Tomasz1111"]
[Result "1-0"]
[WhiteElo "2404"]
[BlackElo "2161"]
[PlyCount "37"]
[EventDate "2022.10.18"]
[EventType "swiss (blitz)"]
[EventRounds "11"]
[EventCountry "USA"]
[SourceTitle "EXT 2024"]
[Source "ChessBase"]
[SourceDate "2023.10.10"]
[SourceVersion "1"]
[SourceVersionDate "2023.10.10"]
[SourceQuality "1"]

1. e4 c6 2. d4 d5 3. e5 Bf5 4. Nf3 e6 5. Be2 c5 6. 0-0 Qb6 7. c4 dxc4 8. d5 exd5 9. Nc3 d4 10. Nd5 Qd8 11. Bxc4 Nc6 12. Nf4 Qd7 13. e6 fxe6 14. Nxe6 Bxe6 15. Bxe6 Qd6 16. Re1 Kd8 17. Ng5 Nh6 18. Qf3 Be7 19. Bf4 1-0

[Event "Titled Tuesday intern op 18th Oct Early"]
[Site "Chess.com INT"]
[Date "2022.10.18"]
[Round "7"]
[White "Kushagra, Mohan"]
[Black "Kuderinov, Kirill"]
[Result "1-0"]
[WhiteElo "2395"]
[BlackElo "2404"]
[PlyCount "79"]
[EventDate "2022.10.18"]
[EventType "swiss (blitz)"]
[EventRounds "11"]
[EventCountry "USA"]
[SourceTitle "EXT 2024"]
[Source "ChessBase"]
[SourceDate "2023.10.10"]
[SourceVersion "1"]
[SourceVersionDate "2023.10.10"]
[SourceQuality "1"]

1. e4 c5 2. Nf3 Nc6 3. d4 cxd4 4. Nxd4 Nf6 5. Nc3 e5 6. Ndb5 d6 7. Bg5 a6 8. Na3 b5 9. Nd5 Be7 10. Bxf6 Bxf6 11. c3 Rb8 12. Nc2 0-0 13. h4 Be6 14. Nce3 a5 15. g3 b4 16. Bh3 bxc3 17. bxc3 g6 18. Nxf6+ Qxf6 19. Qxd6 Rb2 20. 0-0 Ne7 21. Ng4 Qf3 22. Nxe5 Nc8 23. Qxf8+ Kxf8 24. Nxf3 Bxh3 25. Rfb1 Rc2 26. Rb8 Kg7 27. Ng5 Bg4 28. f3 h6 29. fxg4 Rxc3 30. Nf3 Nd6 31. Kg2 Nxe4 32. Rb2 Ra3 33. Re1 Ra4 34. Ree2 Nc3 35. Re7 Nd5 36. Ra7 Ne3+ 37. Kh3 Nxg4 38. Rbb7 h5 39. Rxf7+ Kg8 40. Rfb7 1-0

[Event "Titled Tuesday intern op 18th Oct Early"]
[Site "Chess.com INT"]
[Date "2022.10.18"]
[Round "5"]
[White "Vokhidov, Shamsiddin"]
[Black "Kuderinov, Kirill"]
[Result "0-1"]
[WhiteElo "2568"]
[BlackElo "2404"]
[PlyCount "116"]
[EventDate "2022.10.18"]
[EventType "swiss (blitz)"]
[EventRounds "11"]
[EventCountry "USA"]
[SourceTitle "EXT 2024"]
[Source "ChessBase"]
[SourceDate "2023.10.10"]
[SourceVersion "1"]
[SourceVersionDate "2023.10.10"]
[SourceQuality "1"]

1. c4 Nf6 2. Nc3 e5 3. Nf3 Nc6 4. e4 Bc5 5. Nxe5 Nxe5 6. d4 Bxd4 7. Qxd4 d6 8. Bg5 h6 9. Bh4 Ng6 10. Bxf6 0-0 11. Qe3 Qxf6 12. 0-0-0 Re8 13. Bd3 a6 14. Rhe1 c6 15. f3 b5 16. Bf1 Ne5 17. Qd4 Be6 18. Qxd6 Rad8 19. Qc5 Bxc4 20. Qe3 Qe6 21. Bxc4 Qxc4 22. Rxd8 Rxd8 23. Rd1 Rxd1+ 24. Kxd1 Qf1+ 25. Qe1 Qxg2 26. f4 Nd3 27. Qe2 Nxb2+ 28. Kc2 Qxe2+ 29. Nxe2 Nc4 30. Nd4 Na5 31. Kc3 c5 32. Nf5 Kf8 33. e5 Nc6 34. Nd6 Nb4 35. Nb7 Nxa2+ 36. Kb2 Nb4 37. Nxc5 g6 38. Kc3 Nd5+ 39. Kd4 Nxf4 40. Nxa6 Ke7 41. Nb4 Ke6 42. Na6 Kf5 43. Nb4 Ne6+ 44. Kd5 g5 45. Nc6 g4 46. Kd6 h5 47. Ke7 Ng5 48. Kd6 h4 49. Nd4+ Ke4 50. Ne2 b4 51. Ke7 b3 52. Kf6 Nf3 53. Kxf7 Nxe5+ 54. Kf6 b2 55. Nc3+ Kd3 56. Nb1 g3 57. hxg3 hxg3 58. Kxe5 g2 0-1

[Event "Titled Tuesday intern op 26th Jul Early"]
[Site "Chess.com INT"]
[Date "2022.07.26"]
[Round "9"]
[White "Kuderinov, Kirill"]
[Black "Gheorghiu, Calin"]
[Result "1-0"]
[WhiteElo "2404"]
[BlackElo "2286"]
[PlyCount "109"]
[EventDate "2022.07.26"]
[EventType "swiss (blitz)"]
[EventRounds "11"]
[EventCountry "USA"]
[SourceTitle "EXT 2023"]
[Source "ChessBase"]
[SourceDate "2022.10.05"]
[SourceVersion "1"]
[SourceVersionDate "2022.10.05"]
[SourceQuality "1"]

1. e4 g6 2. d4 c6 3. Nc3 Bg7 4. Nf3 d6 5. Bd3 Nf6 6. 0-0 0-0 7. Bg5 h6 8. Bh4 b5 9. a3 Qc7 10. e5 Nh5 11. Re1 d5 12. Bg3 Nxg3 13. hxg3 Bg4 14. Nb1 e6 15. Nbd2 Nd7 16. c3 a6 17. Qc2 c5 18. Nh2 Bf5 19. Bxf5 exf5 20. Qd3 Rfe8 21. Qf3 Qc6 22. Ndf1 a5 23. g4 fxg4 24. Nxg4 b4 25. axb4 axb4 26. Rxa8 Qxa8 27. Nfe3 cxd4 28. cxd4 Nb6 29. Rc1 Qa2 30. Rc7 Rf8 31. Nf6+ Kh8 32. Nexd5 Nxd5 33. Nxd5 Qxb2 34. Qe4 Qd2 35. g3 b3 36. Kg2 b2 37. Rb7 Rd8 38. Rxf7 Rxd5 39. Qxd5 b1Q 40. Qd8+ Kh7 41. Qf6 Qe4+ 42. Kh2 Qxf2+ 43. Qxf2 h5 44. Rf4 Qd5 45. Qf3 Qa2+ 46. Kh3 Qe6+ 47. Kg2 Qa2+ 48. Qf2 Qd5+ 49. Kh2 Qe6 50. Re4 Qd5 51. Qe2 Bf8 52. e6 Be7 53. Qf3 Qa2+ 54. Kh3 Kh6 55. Qf4+ 1-0